| 000 | 00758nam a2200253Ia 4500 | ||
|---|---|---|---|
| 003 | OSt | ||
| 005 | 20220930203317.0 | ||
| 006 | a|||||r|||| 00| 0 | ||
| 007 | ta | ||
| 008 | 220926b |||||||| |||| 00| 0 pan d | ||
| 024 | _a72397 | ||
| 037 | _cDissertations | ||
| 040 |
_aCRL _cCRL _bpan |
||
| 041 |
_2pan _apan |
||
| 100 |
_aPardeep Kaur _9562401 |
||
| 110 |
_aUniversity of Delhi. Faculty of Arts. Department of Punjabi _9519628 |
||
| 245 | 0 | _aNaval kar Karamjeet Singh Kussa de novel Agg da Geet di galpi vidhi | |
| 260 | _c1989 | ||
| 300 |
_a126p. _ccm. |
||
| 650 | _aPUNJABI LITERATURE | ||
| 700 |
_aUniversity of Delhi. Faculty of Arts. Department of Punjabi _9519631 |
||
| 942 |
_cDIS _2CC |
||
| 999 |
_c904420 _d904420 |
||